000 00273 a2200121 4500
001 194463
040 _cMagnum
100 _aArguís, Ricardo...[ et al. ]
240 1 0 _aTutoria
_lpor
245 1 0 _aTutoria
697 _aEDUCAÇÃO EM GERAL E DISCIPLINAS AFINS
942 _cBK
999 _c194463
_d194463